000 00539pab a2200169 454500
008 180718b2002 xxu||||| |||| 00| 0 eng d
100 _aPurohit, Kanchan Kumar
245 _aFinancial management of urban local governments of Bangladesh: a case study of Dhaka city corporation
260 _c2002
300 _ap.13-21.
362 _aJan-Mar
650 _aFinancial administration - Bangladesh
650 _aLocal government - Bangladesh
650 _aLocal government
773 _aSouth Asian Journal of Management
909 _a52191
999 _c52191
_d52191